000 00862nam a22002177a 4500
008 160518b xxu||||| |||| 00| 0 eng d
020 _a978-971-0426-08-9
082 _22009
_aDFil 305.89921
_bA3
245 _aAgenda for hope:
_bpreserving and transforming Philippine identity and culture/
_cedited by Paulynn Paredes Sicam and Remmon E. Barbaza.
260 _aQuezon City:
_bAteneo de Manila University,
_cc2009.
300 _axii, 118 pages:
_billustrations;
_c23 cm.
440 _98515
_aIdeas on building a nation
500 _aIncludes index.
650 0 _98510
_aPhilippines
_xSocial life and customs.
650 0 _98511
_aPhilippines
_xSocial conditions
650 0 _98512
_aNational characteristics, Philippine
700 _98513
_aSicam, Paulynn P.
_eeditor.
700 _98514
_aBarbaza, Remmon E.
_eeditor.
365 _b396.00
_cPhp
942 _2ddc
_cDFIL
999 _c2576
_d2576